000 01545nam0a2200349 i 4500
001 RU\NLR\BIBL_A\010863162
005 20241103105715.0
010 _a9785446823314
_91200
021 _aRU
_b2015-70770
_94235
035 _a(NILC)RuMoRGB-008019299
035 _a(NLR Aleph) 010863162
090 _a10430988
_c10430988
100 _a20151016d2015 um y0rusy50 ca
101 0 _arus
102 _aRU
105 _aa|||j|||000yy
200 1 _aИнженерная графика. Строительство
_eучебник
_eпо специальности "Строительство и эксплуатация зданий и сооружений", ОП.01 "Инженерная графика"
_fС. В. Томилова
205 _a4-е изд., испр.
210 _aМосква
_cАкадемия
_d2015
215 _a332, [1] с.
_cил., цв. ил.
_d22
225 1 _aПрофессиональное образование
_iСтроительство и архитектура
320 _aБиблиогр.: с. 328 (11 назв.)
517 1 _aСтроительство
606 _aИнженерная графика
_jУчебники для среднего профессионального образования
_91251438
_3RU\NLR\AUTH\66512338
675 _a744
686 1 _aЖ11я723-1
700 1 _aТомилова
_bС. В.
_gСветлана Витальевна
801 0 _aRU
_bРГБ
_c20150911
_gRCR
942 _cBOOK
980 _aNBR